Normal view MARC view
  • English literature

Entry Topical Term

Number of records used in: 0

001 - CONTROL NUMBER

  • control field: 36891

003 - CONTROL NUMBER IDENTIFIER

  • control field: KE-NaSUL

005 - DATE AND TIME OF LATEST TRANSACTION

  • control field: 20250825150321.0

008 - FIXED-LENGTH DATA ELEMENTS

  • fixed length control field: 250825|| aca||aabn | a|a d

040 ## - CATALOGING SOURCE

  • Original cataloging agency: KE-NaSUL
  • Transcribing agency: KE-NaSUL

150 ## - HEADING--TOPICAL TERM

  • Topical term or geographic name as entry element: English literature
  • Chronological subdivision: 18th century
  • General subdivision: History and criticism

670 ## - SOURCE DATA FOUND

  • Source citation: Work cat.: (KE-NaSUL)20918: Milburn, Daniel Judson. 36889, The age of wit, 1650-1750, [1966]

© Strathmore University Library
Madaraka Estate, Ole Sangale Road | P. O. Box 59857 - 00200 City Square, Nairobi, Kenya
(+254) (0)703 034 000/200/300 | (+254) (0)20-607498